| 000 | 01312cam a2200313 4500 | ||
|---|---|---|---|
| 001 | ABS67968 | ||
| 008 | 040611n2004 000 0 eng u | ||
| 035 | _a(Sirsi) u126463 | ||
| 100 | _aMoore, A. | ||
| 245 | _aFocus 1: rural and agriculture | ||
| 260 | _c2004 | ||
| 490 |
_aEstates Gazette _v(0413) 5 June 2004, 69-74(5) |
||
| 520 | _aSeries of articles on agriculture and the rural economy. "Milking the farm for alternative use" examines how farmers and developers are looking at alternatives to barn conversion to diversify their income. However, "Tougher times for conversions" looks at the implications of PPS7 for rural practitioners wanting to convert rural buildings to residential use. "Homing in on a problem" reports on the Barker review's proposals to reform the planning system and allow it to tackle the problems of housing supply in rural areas. | ||
| 590 | _aABS | ||
| 590 | _aABS | ||
| 650 | _aRURAL ECONOMY | ||
| 650 | _aFARM DIVERSIFICATION | ||
| 650 | _aBARN CONVERSION | ||
| 650 | _aRESIDENTIAL DEVELOPMENT | ||
| 650 | _aPPS7 | ||
| 650 | _aSOCIAL HOUSING | ||
| 650 | _aRURAL HOUSING SCHEME | ||
| 650 | _aPLANNING PROCEDURE | ||
| 650 | _aBARKER REVIEW | ||
| 650 | _aHOUSING SUPPLY | ||
| 650 | _aRURAL PRACTICE SURVEYORS | ||
| 690 |
_aRURAL _96268 |
||
| 942 | _n0 | ||
| 999 |
_c117504 _d117504 |
||